Tottenham Hotspur 2020-21 Squad - Statistics

General Stats
  • This quiz has been taken 30 times
  • The average score is 15 of 25
Answer Stats
Squad Number Answer % Correct
#10 Harry Kane
100%
#1 Hugo Lloris
100%
#7 Heung-Min Son
96%
#33 Ben Davies
82%
#20 Dele Alli
82%
#27 Lucas Moura
75%
#11 Erik Lamela
71%
#15 Eric Dier
68%
#17 Moussa Sissoko
68%
#4 Toby Alderweireld
68%
#6 Davinson Sanchez
61%
#8 Harry Winks
61%
#28 Tanguy Ndombele
61%
#9 Gareth Bale
57%
#3 Sergio Reguilon
57%
#2 Matt Doherty
54%
#24 Serge Aurier
50%
#18 Giovani Lo Celso
46%
#5 Pierre-Emile Højbjerg
39%
#23 Steven Bergwijn
39%
#14 Joe Rodon
32%
#25 Japhet Tanganga
29%
#45 Carlos Vinicius
25%
#41 Alfie Whiteman
21%
#12 Joe Hart
21%
No matching quizzes found
Score Distribution
Percent of People with Each Score
Percentile by Number Answered
Your Score History
You have not taken this quiz